[Event "26th WSCC 2016 Open 65+"]
[Site "Marianske Lazne, Czech Republic - Hotel Cristal and Continental"]
[Date "2016.11.22"]
[Round "4.58"]
[White "Ladisic, Alex-Sacha"]
[Black "Hohler, Peter"]
[Result "1-0"]
[WhiteElo "1970"]
[BlackElo "2119"]
[PlyCount "143"]
[EventDate "2016.11.19"]

1. e4 e5 2. Nf3 Nc6 3. Bb5 a6 4. Ba4 Nf6 5. O-O Be7 6. Re1 b5 7. Bb3 d6 8. c3
O-O 9. h3 Na5 10. Bc2 c5 11. d4 Qc7 12. Nbd2 Bd7 13. Nf1 Nc4 14. b3 Nb6 15. Bb2
exd4 16. cxd4 c4 17. e5 Nfd5 18. Ne3 Nxe3 19. Rxe3 b4 20. Re2 c3 21. Bc1 d5 22.
Bf4 Qc8 23. Qd3 g6 24. Qe3 Re8 25. Bh6 Bb5 26. Ree1 f6 27. Qf4 Nd7 28. Re3 fxe5
29. dxe5 Nf8 30. Rd1 Ne6 31. Qg3 d4 32. Nxd4 Kh8 33. Nxe6 Qxe6 34. Bg5 Rac8 35.
Qh4 Bxg5 36. Qxg5 Kg7 37. Rd6 Qe7 38. Qf4 Kg8 39. Qxb4 Qc7 40. a4 Bd7 41. Rdd3
Rxe5 42. Rxc3 Rc5 43. Rxc5 Qxc5 44. Qxc5 Rxc5 45. Be4 a5 46. Rd3 Be6 47. f4 Kf7
48. Kf2 Rc2+ 49. Kg1 Rc5 50. Kh2 Ke7 51. Re3 Kf6 52. g4 Rc8 53. Bf3 Rc2+ 54.
Kg3 Rb2 55. Re5 Rxb3 56. Rxa5 Bc4 57. g5+ Ke6 58. Rc5 Rb4 59. a5 Kd6 60. Rc6+
Kd7 61. a6 Ra4 62. a7 Ba2 63. Rxg6 hxg6 64. a8=Q Rxa8 65. Bxa8 Ke7 66. h4 Kf7
67. Bf3 Kg7 68. h5 gxh5 69. Bxh5 Be6 70. Kf3 Bf5 71. Bg4 Bc2 72. f5 1-0

[Event "26th WSCC 2016 Open 65+"]
[Site "Marianske Lazne, Czech Republic - Hotel Cristal and Continental"]
[Date "2016.11.22"]
[Round "4.59"]
[White "Behling, Robert"]
[Black "Cao, Jorge"]
[Result "1-0"]
[WhiteElo "2118"]
[BlackElo "1962"]
[PlyCount "75"]
[EventDate "2016.11.19"]

1. Nf3 Nf6 2. c4 g6 3. g3 Bg7 4. Bg2 O-O 5. O-O d5 6. cxd5 Nxd5 7. Nc3 c6 8. d4
Nd7 9. Nxd5 cxd5 10. Qb3 Nf6 11. Ne5 e6 12. Bg5 h6 13. Bd2 Nd7 14. Rfd1 Kh7 15.
Bb4 Nxe5 16. Bxf8 Qxf8 17. dxe5 Bxe5 18. e4 d4 19. f4 Bc7 20. e5 Rb8 21. Rac1
Qd8 22. Be4 Kg7 23. Kg2 b5 24. Qf3 Bb6 25. h4 h5 26. Rc2 b4 27. Kh3 Ba6 28. g4
hxg4+ 29. Qxg4 Bb7 30. Bxb7 Rxb7 31. Qf3 Rd7 32. Rd3 Rd5 33. Rg2 Kf8 34. h5
gxh5 35. Qxh5 Ke7 36. Rg7 Qf8 37. Qg5+ Ke8 38. Rg8 1-0

[Event "26th WSCC 2016 Open 65+"]
[Site "Marianske Lazne, Czech Republic - Hotel Cristal and Continental"]
[Date "2016.11.22"]
[Round "4.60"]
[White "Janda, Zdenek"]
[Black "Vatansever, Abdullah"]
[Result "1/2-1/2"]
[WhiteElo "2114"]
[BlackElo "1938"]
[PlyCount "106"]
[EventDate "2016.11.19"]

1. d4 Nf6 2. Nf3 d5 3. c4 c6 4. cxd5 cxd5 5. Nc3 Nc6 6. Bf4 e6 7. e3 Bd6 8. Bg3
O-O 9. Bd3 a6 10. Rc1 h6 11. Bb1 Re8 12. O-O Bxg3 13. hxg3 Bd7 14. a3 Rc8 15.
Qd3 g6 16. b4 Qe7 17. Rfe1 Red8 18. e4 dxe4 19. Nxe4 Nxe4 20. Qxe4 Qd6 21. Rcd1
Be8 22. Ba2 Rd7 23. Qg4 Qf8 24. Kh2 Rcd8 25. Rh1 Qg7 26. d5 exd5 27. Rhe1 f5
28. Qf4 Bf7 29. a4 b5 30. Rc1 Rd6 31. axb5 axb5 32. Rc5 Kh7 33. Rxb5 Qb2 34.
Bb1 Qf6 35. Rb7 R8d7 36. Rxd7 Rxd7 37. g4 d4 38. b5 Ne7 39. g5 hxg5 40. Nxg5+
Kg7 41. Bd3 Bg8 42. g3 Nd5 43. Qh4 f4 44. Qg4 fxg3+ 45. Kxg3 Qd6+ 46. f4 Ne3
47. Qh3 Re7 48. Rh1 Nf5+ 49. Bxf5 Re3+ 50. Nf3 gxf5 51. Qxf5 Qg6+ 52. Qxg6+
Kxg6 53. Kf2 Rxf3+ 1/2-1/2

[Event "26th WSCC 2016 Open 65+"]
[Site "Marianske Lazne, Czech Republic - Hotel Cristal and Continental"]
[Date "2016.11.22"]
[Round "4.61"]
[White "Green, Per"]
[Black "Doehner, Hans-Juergen"]
[Result "1-0"]
[WhiteElo "1967"]
[BlackElo "2111"]
[PlyCount "81"]
[EventDate "2016.11.19"]

1. d4 d5 2. Nf3 Nf6 3. c4 c6 4. e3 e6 5. b3 Bd6 6. Bb2 b6 7. Bd3 Nbd7 8. Nbd2
Bb7 9. O-O O-O 10. Ne5 g6 11. f4 Re8 12. Rc1 Rc8 13. Qf3 Rc7 14. g4 Bb4 15. Rc2
Bxd2 16. Rxd2 c5 17. Qg3 dxc4 18. Nxc4 b5 19. Nd6 Rf8 20. Nxb5 Rc8 21. Nd6 Ba8
22. Nxc8 Qxc8 23. dxc5 Qxc5 24. Bb1 Qc6 25. Kf2 h5 26. h3 Kh7 27. g5 Nd5 28.
Rc1 Qb7 29. Bd4 Qb8 30. Rdd1 Kg8 31. Rc4 N7b6 32. Be5 Qb7 33. Rc2 Rc8 34. Rxc8+
Nxc8 35. e4 Qb6+ 36. Ke2 Nde7 37. Qc3 Bc6 38. Bh8 Kf8 39. Bf6 Ke8 40. Bxe7 Nxe7
41. Qh8+ 1-0

[Event "26th WSCC 2016 Open 65+"]
[Site "Marianske Lazne, Czech Republic - Hotel Cristal and Continental"]
[Date "2016.11.22"]
[Round "4.62"]
[White "Pacl, Vaclav"]
[Black "Prachar, Josef"]
[Result "1-0"]
[WhiteElo "2104"]
[BlackElo "1918"]
[PlyCount "41"]
[EventDate "2016.11.19"]

1. Nf3 g6 2. g3 Bg7 3. Bg2 d6 4. O-O Nf6 5. c4 O-O 6. Nc3 Nbd7 7. Rb1 e5 8. d3
a5 9. a3 c6 10. b4 axb4 11. axb4 Nh5 12. b5 Nc5 13. Be3 Qc7 14. d4 exd4 15.
Nxd4 Ne6 16. bxc6 Nxd4 17. cxb7 Bxb7 18. Bxb7 Rab8 19. Bxd4 Rxb7 20. Rxb7 Qxb7
21. Bxg7 1-0

[Event "26th WSCC 2016 Open 65+"]
[Site "Marianske Lazne, Czech Republic - Hotel Cristal and Continental"]
[Date "2016.11.22"]
[Round "4.63"]
[White "Kazantsev, Valentin"]
[Black "Anguera Maestro, Jaime"]
[Result "1-0"]
[WhiteElo "1953"]
[BlackElo "2081"]
[PlyCount "67"]
[EventDate "2016.11.19"]

1. e4 d5 2. exd5 Qxd5 3. Nc3 Qd8 4. d4 Nf6 5. Nf3 e6 6. Bd3 Be7 7. O-O O-O 8.
Bg5 h6 9. Bh4 Nbd7 10. Qe2 c6 11. Ne5 Nxe5 12. dxe5 Nd5 13. Bxe7 Qxe7 14. Rfd1
Nxc3 15. bxc3 g6 16. Qe3 Kg7 17. Be4 Rd8 18. Rd4 Bd7 19. Rad1 Be8 20. Rd6 f5
21. Bf3 Bf7 22. Qd4 Rxd6 23. exd6+ Qf6 24. Qb4 Rd8 25. Qxb7 Qxc3 26. Qxc6 Qxc6
27. Bxc6 e5 28. Bb5 Kf8 29. c4 Rb8 30. a4 a6 31. Bxa6 Ke8 32. Bb5+ Kd8 33. c5
Bb3 34. Rc1 1-0

[Event "26th WSCC 2016 Open 65+"]
[Site "Marianske Lazne, Czech Republic - Hotel Cristal and Continental"]
[Date "2016.11.22"]
[Round "4.64"]
[White "Nickl, Klaus"]
[Black "Hocevar, Nikola"]
[Result "1/2-1/2"]
[WhiteElo "2075"]
[BlackElo "1910"]
[PlyCount "30"]
[EventDate "2016.11.19"]

1. d4 Nf6 2. c4 g6 3. Nc3 d5 4. e3 Bg7 5. Nf3 O-O 6. Bd3 c5 7. O-O cxd4 8. exd4
dxc4 9. Bxc4 a6 10. h3 b5 11. Bb3 Nc6 12. a3 Bb7 13. Be3 Rc8 14. Qe2 Na5 15.
Ba2 Nc4 $11 1/2-1/2

[Event "26th WSCC 2016 Open 65+"]
[Site "Marianske Lazne, Czech Republic - Hotel Cristal and Continental"]
[Date "2016.11.22"]
[Round "4.65"]
[White "Mueller, Lutz"]
[Black "Marsina, Stefan"]
[Result "0-1"]
[WhiteElo "2070"]
[BlackElo "1910"]
[PlyCount "64"]
[EventDate "2016.11.19"]

1. d4 e6 2. Nf3 Nf6 3. e3 b6 4. Bd3 Bb7 5. Nbd2 d5 6. O-O Be7 7. b3 Nbd7 8. Bb2
O-O 9. Qe2 Ne4 10. c4 c5 11. Rac1 a5 12. a4 Ndf6 13. Rfd1 Qc7 14. cxd5 Nxd2 15.
Nxd2 exd5 16. Nf3 Ne4 17. dxc5 Nxc5 18. Nd4 Bf6 19. Qf3 Qe5 20. Rc2 Nxd3 21.
Rxd3 Rac8 22. Rdd2 Rxc2 23. Rxc2 Rc8 24. Qd1 Qe4 25. Rxc8+ Bxc8 26. Qc1 Ba6 27.
f3 Qd3 28. Kf2 h6 29. Kg3 g5 30. Qc3 Be5+ 31. Kh3 Qg6 32. Qc2 Qh5# 0-1

[Event "26th WSCC 2016 Open 65+"]
[Site "Marianske Lazne, Czech Republic - Hotel Cristal and Continental"]
[Date "2016.11.22"]
[Round "4.66"]
[White "Kopecek, Ivan"]
[Black "Sand, Rolf"]
[Result "1-0"]
[WhiteElo "1910"]
[BlackElo "2068"]
[PlyCount "67"]
[EventDate "2016.11.19"]

1. e4 c5 2. Nf3 d6 3. d4 cxd4 4. Nxd4 Nf6 5. Nc3 a6 6. Bc4 e6 7. Bb3 b5 8. O-O
Be7 9. Qf3 Qb6 10. Be3 Qc7 11. Qg3 O-O 12. Bh6 Ne8 13. Rad1 Kh8 14. Be3 Nf6 15.
f3 Nc6 16. Nxc6 Qxc6 17. Rd2 Bb7 18. Rfd1 Rfd8 19. Ne2 Qe8 20. c3 d5 21. e5 Nd7
22. Bd4 Nc5 23. Bc2 a5 24. Nf4 b4 25. Nh5 Qf8 26. Bf2 f5 27. exf6 Bxf6 28. Nxf6
gxf6 29. Rd4 e5 30. Rh4 e4 31. Bd4 Nd7 32. fxe4 dxe4 33. Rf1 Qg8 34. Rxf6 1-0

[Event "26th WSCC 2016 Open 65+"]
[Site "Marianske Lazne, Czech Republic - Hotel Cristal and Continental"]
[Date "2016.11.22"]
[Round "4.67"]
[White "Londin, Milan"]
[Black "Diaz Franco, Francisco Jorge"]
[Result "0-1"]
[WhiteElo "1754"]
[BlackElo "2019"]
[PlyCount "94"]
[EventDate "2016.11.19"]

1. e4 c6 2. d4 d5 3. e5 c5 4. c3 Nc6 5. Nf3 Bg4 6. Be2 e6 7. Be3 Qb6 8. b3 Bxf3
9. Bxf3 cxd4 10. Bxd4 Nxd4 11. Qxd4 Qxd4 12. cxd4 Bb4+ 13. Ke2 Rc8 14. a3 Ba5
15. Ra2 Ne7 16. Rd1 O-O 17. g4 Bb6 18. Rad2 Ng6 19. g5 Rc7 20. Kf1 Rfc8 21. Be2
Nf4 22. h4 Rc2 23. Bg4 Ng6 24. h5 Ne7 25. f4 Rc1 26. Kf2 Rxd1 27. Rxd1 Rc2+ 28.
Ke3 Nc6 29. f5 Nxe5 30. Kf4 Nxg4 31. fxe6 fxe6 32. Kxg4 Kf7 33. Rd3 Rg2+ 34.
Rg3 Rxg3+ 35. Kxg3 Bxd4 36. Nd2 e5 37. Nf3 Bb2 38. a4 Ke6 39. Kg4 e4 40. Nh4
Be5 41. g6 hxg6 42. Nxg6 d4 43. Nh4 d3 44. Ng2 a5 45. Ne3 Bd4 46. Nf5 Kd5 47.
Ne7+ Kc5 0-1

[Event "26th WSCC 2016 Open 65+"]
[Site "Marianske Lazne, Czech Republic - Hotel Cristal and Continental"]
[Date "2016.11.22"]
[Round "4.68"]
[White "Zhelesny, Stanislav"]
[Black "Marcovici, Adrian"]
[Result "1/2-1/2"]
[WhiteElo "2067"]
[BlackElo "1906"]
[PlyCount "39"]
[EventDate "2016.11.19"]

1. Nf3 d5 2. g3 Nf6 3. Bg2 e6 4. d4 c5 5. O-O Nc6 6. c4 dxc4 7. dxc5 Qxd1 8.
Rxd1 Bxc5 9. Nbd2 c3 10. bxc3 Bd7 11. Nb3 Be7 12. c4 O-O 13. Bb2 Rfd8 14. Ne5
Rac8 15. Nxd7 Nxd7 16. Rac1 Ndb8 17. c5 Rxd1+ 18. Rxd1 Rd8 19. Rxd8+ Nxd8 20.
Kf1 1/2-1/2

[Event "26th WSCC 2016 Open 65+"]
[Site "Marianske Lazne, Czech Republic - Hotel Cristal and Continental"]
[Date "2016.11.22"]
[Round "4.69"]
[White "Choong, Liong-On Mark"]
[Black "Hutchinson, Norman A"]
[Result "0-1"]
[WhiteElo "1908"]
[BlackElo "2062"]
[PlyCount "52"]
[EventDate "2016.11.19"]

1. c4 e6 2. g3 d5 3. Bg2 Nf6 4. Nf3 d4 5. O-O c5 6. d3 Nc6 7. Na3 Bd6 8. Bd2 e5
9. Nc2 a5 10. Rb1 O-O 11. b3 Re8 12. a3 e4 13. Nfe1 Bg4 14. dxe4 Ne5 15. f3 Bh5
16. b4 Nxe4 17. fxe4 d3 18. Nxd3 Nxd3 19. Be3 Ne5 20. bxc5 Bf8 21. Qd5 Bxe2 22.
Rfe1 Bd3 23. Rbc1 Bxc4 24. Qxd8 Raxd8 25. Red1 Rxd1+ 26. Rxd1 Bb3 0-1

[Event "26th WSCC 2016 Open 65+"]
[Site "Marianske Lazne, Czech Republic - Hotel Cristal and Continental"]
[Date "2016.11.22"]
[Round "4.70"]
[White "Hjertenes, Oystein"]
[Black "Pokora, Lubomir"]
[Result "1/2-1/2"]
[WhiteElo "2060"]
[BlackElo "1895"]
[PlyCount "38"]
[EventDate "2016.11.19"]

1. Nf3 d5 2. c4 c6 3. e3 Nf6 4. d4 Bf5 5. Nc3 e6 6. cxd5 exd5 7. Bd3 Bxd3 8.
Qxd3 Nbd7 9. O-O Bd6 10. e4 dxe4 11. Nxe4 Nxe4 12. Qxe4+ Kf8 13. Bg5 f6 14. Bd2
Nb6 15. Rfe1 Qd7 16. Nh4 Nd5 17. Qf3 g6 18. b4 Kg7 19. a3 Rhe8 1/2-1/2

[Event "26th WSCC 2016 Open 65+"]
[Site "Marianske Lazne, Czech Republic - Hotel Cristal and Continental"]
[Date "2016.11.22"]
[Round "4.71"]
[White "Hoeschele, Hans-Ulrich"]
[Black "Baumgarten, Werner"]
[Result "1/2-1/2"]
[WhiteElo "2057"]
[BlackElo "1882"]
[PlyCount "60"]
[EventDate "2016.11.19"]

1. d4 d5 2. Nf3 f5 3. e3 Nf6 4. c4 e6 5. a3 a5 6. Nc3 c6 7. Qc2 Bd6 8. b3 O-O
9. Bd3 Ne4 10. Ne2 Nd7 11. Bb2 Qe8 12. Ne5 Bxe5 13. dxe5 Nec5 14. O-O Nxd3 15.
Qxd3 Nc5 16. Qc2 dxc4 17. bxc4 a4 18. Rab1 Nb3 19. Nd4 Nxd4 20. Bxd4 b5 21. Bc5
Rf7 22. f3 bxc4 23. Rfd1 Ba6 24. Qxa4 Bb5 25. Qb4 Ba4 26. Rd6 Bc2 27. Rb2 Bd3
28. Qd2 h6 29. Rb6 Rc7 30. Qc3 Kh7 1/2-1/2

[Event "26th WSCC 2016 Open 65+"]
[Site "Marianske Lazne, Czech Republic - Hotel Cristal and Continental"]
[Date "2016.11.22"]
[Round "4.72"]
[White "Bondick, Karl-Heinz"]
[Black "Slechta, Karel"]
[Result "1/2-1/2"]
[WhiteElo "2047"]
[BlackElo "1872"]
[PlyCount "25"]
[EventDate "2016.11.19"]

1. d4 d5 2. c4 dxc4 3. Nf3 Nf6 4. e3 e6 5. Bxc4 a6 6. O-O c5 7. dxc5 Qxd1 8.
Rxd1 Bxc5 9. Nc3 b5 10. Be2 Nc6 11. b3 Bb7 12. Bb2 O-O 13. Rac1 $11 1/2-1/2

[Event "26th WSCC 2016 Open 65+"]
[Site "Marianske Lazne, Czech Republic - Hotel Cristal and Continental"]
[Date "2016.11.22"]
[Round "4.73"]
[White "Muratoglu, Salih"]
[Black "Myall, Ivan J"]
[Result "1/2-1/2"]
[WhiteElo "1897"]
[BlackElo "2042"]
[PlyCount "134"]
[EventDate "2016.11.19"]

1. d4 d5 2. Nf3 c6 3. c4 e6 4. e3 Nf6 5. Nc3 Bd6 6. Ne5 O-O 7. f4 c5 8. cxd5
exd5 9. Bd3 c4 10. Bc2 Nc6 11. O-O a6 12. h3 Ne7 13. g4 Ne8 14. Qe1 Bxe5 15.
dxe5 f5 16. Qh4 Be6 17. Ne2 Qd7 18. Nd4 g6 19. Bd2 Rf7 20. Rad1 Nc6 21. Nxe6
Qxe6 22. gxf5 gxf5 23. Kh2 Kh8 24. Bc3 Rg7 25. Qh5 Ne7 26. Rg1 Rxg1 27. Rxg1
Ng7 28. Qg5 Ng6 29. h4 Rg8 30. h5 Ne7 31. Qf6 d4 32. Bxd4 Nd5 33. Qg5 h6 34.
Qh4 Ne7 35. Qf6 Nd5 36. Qg6 Ne7 37. Qxe6 Nxe6 38. Rxg8+ Kxg8 39. Bc3 Ng7 40. e4
b5 41. Bb4 Nc6 42. Bc5 Nxh5 43. exf5 Nxf4 44. e6 Nd3 45. Bd6 Nd4 46. e7 Kf7 47.
Bd1 Nf4 48. Bxf4 Kxe7 49. Bg4 Kf6 50. Bxh6 Nxf5 51. Bd2 Ke5 52. Bc3+ Ke4 53.
Kg1 Ne3 54. Be2 Nd5 55. Be1 Nf4 56. Kf1 Ke3 57. Bg4 Nd3 58. Bc3 b4 59. Bf6 Kd2
60. Bf5 Nxb2 61. Be6 a5 62. Bd8 c3 63. Bg5+ Kd3 64. Ke1 a4 65. Be7 b3 66. axb3
axb3 67. Bxb3 c2 1/2-1/2

[Event "26th WSCC 2016 Open 65+"]
[Site "Marianske Lazne, Czech Republic - Hotel Cristal and Continental"]
[Date "2016.11.22"]
[Round "4.74"]
[White "Gamboa Gonzalez, Anibal"]
[Black "Goetze, Peter"]
[Result "1-0"]
[WhiteElo "2040"]
[BlackElo "1862"]
[PlyCount "57"]
[EventDate "2016.11.19"]

1. b3 e5 2. Bb2 d6 3. d4 exd4 4. Qxd4 Nf6 5. Nc3 Nc6 6. Qd2 Be6 7. e3 Be7 8.
Nf3 h6 9. Bb5 O-O 10. h3 a6 11. Be2 Nd7 12. g4 Nde5 13. O-O-O Nxf3 14. Bxf3 Rb8
15. Bd5 Bf6 16. Kb1 Qe7 17. f4 Rfe8 18. Rhe1 Bd7 19. Bf3 b5 20. Nd5 Qd8 21.
Nxf6+ gxf6 22. Qc3 Re6 23. h4 a5 24. g5 b4 25. Qd3 a4 26. gxh6 Ne7 27. Rg1+ Kh8
28. Rg7 f5 29. Qd4 1-0

[Event "26th WSCC 2016 Open 65+"]
[Site "Marianske Lazne, Czech Republic - Hotel Cristal and Continental"]
[Date "2016.11.22"]
[Round "4.75"]
[White "Leitner, Walter"]
[Black "Bobbia, Mario"]
[Result "1-0"]
[WhiteElo "2039"]
[BlackElo "1850"]
[PlyCount "81"]
[EventDate "2016.11.19"]

1. d4 Nf6 2. Bf4 g6 3. e3 Bg7 4. Nf3 c5 5. c3 cxd4 6. exd4 O-O 7. Bd3 d5 8. h3
Nh5 9. Bh2 Bh6 10. g4 Nf4 11. Bf1 Ne6 12. Nbd2 Bf4 13. Bxf4 Nxf4 14. Ne5 f6 15.
Nd3 Nxd3+ 16. Bxd3 e5 17. Qb3 exd4 18. cxd4 Re8+ 19. Kf1 Nc6 20. Nf3 Qb6 21.
Qxb6 axb6 22. a3 Bd7 23. Kg2 Na5 24. Rac1 Rac8 25. Rxc8 Rxc8 26. Re1 Kf7 27. g5
Nc4 28. Re2 Be6 29. Kg3 Nd6 30. gxf6 Kxf6 31. Ne5 Nf5+ 32. Bxf5 Bxf5 33. Re3
Rd8 34. Rc3 Bc8 35. Rc7 h5 36. Rf7+ Ke6 37. Rg7 Kf5 38. Rf7+ Ke6 39. h4 Rg8 40.
Kf4 Kd6 41. Kg5 1-0

[Event "26th WSCC 2016 Open 65+"]
[Site "Marianske Lazne, Czech Republic - Hotel Cristal and Continental"]
[Date "2016.11.22"]
[Round "4.76"]
[White "Kock, Hans-Uwe"]
[Black "Ingham, William"]
[Result "1-0"]
[WhiteElo "2037"]
[BlackElo "1814"]
[PlyCount "87"]
[EventDate "2016.11.19"]

1. d4 d6 2. c4 Nf6 3. Nc3 c6 4. Nf3 Nbd7 5. g3 e5 6. Bg2 Be7 7. O-O O-O 8. d5
c5 9. Qc2 Ne8 10. e4 Kh8 11. Ne1 g6 12. Nd3 Ng7 13. Be3 f5 14. f3 Nf6 15. Bh6
Ng8 16. Bxg7+ Kxg7 17. f4 exf4 18. Nxf4 Kh8 19. Rae1 Bf6 20. Kh1 Re8 21. Ne6
Bxe6 22. dxe6 Rxe6 23. exf5 Rxe1 24. Rxe1 Bxc3 25. Qxc3+ Qf6 26. Qxf6+ Nxf6 27.
fxg6 hxg6 28. Re6 Kg7 29. Kg1 Re8 30. Rxe8 Nxe8 31. Bxb7 Kf6 32. Kf2 Nc7 33.
Ke3 Ke5 34. h4 Ne6 35. Bd5 Nc7 36. Be4 Kf6 37. g4 g5 38. h5 Ne6 39. Bb1 Nd4 40.
b4 Nc6 41. b5 Ne7 42. Be4 Kg7 43. a4 Kh6 44. a5 1-0

[Event "26th WSCC 2016 Open 65+"]
[Site "Marianske Lazne, Czech Republic - Hotel Cristal and Continental"]
[Date "2016.11.22"]
[Round "4.77"]
[White "Ilyes, Peter"]
[Black "Batakovs, Olegs"]
[Result "1-0"]
[WhiteElo "1892"]
[BlackElo "2034"]
[PlyCount "129"]
[EventDate "2016.11.19"]

1. e4 c5 2. Nf3 e6 3. d3 Nc6 4. g3 g6 5. Bg2 Bg7 6. O-O Nge7 7. Re1 d6 8. a4
O-O 9. c3 b6 10. d4 d5 11. e5 c4 12. Bg5 h6 13. Bf4 Na5 14. h4 Bd7 15. Nbd2 Nf5
16. Bh3 Rc8 17. Kh2 Re8 18. Rg1 Qe7 19. Rg2 Rb8 20. b4 cxb3 21. Nxb3 Nxb3 22.
Qxb3 Rbc8 23. Rgg1 Red8 24. Rgc1 Be8 25. Bf1 Rc7 26. Bd2 Rb8 27. Kh3 Qd8 28.
Rcb1 Ne7 29. a5 b5 30. a6 Rb6 31. Ra5 Rc8 32. Qa2 Rcb8 33. Ne1 Nc6 34. Raxb5
Rxb5 35. Rxb5 Rxb5 36. Bxb5 Qb6 37. Qa4 Bf8 38. Nc2 Kg7 39. Be3 Qc7 40. c4 dxc4
41. Qxc4 Be7 42. f4 Qd7 43. Bd2 Kh8 44. f5 Qd5 45. Qxd5 exd5 46. f6 Bd8 47.
Bxh6 Kg8 48. Ne3 Bd7+ 49. g4 Nxe5 50. Bxd7 Nxd7 51. Nxd5 Nb8 52. Ne7+ Kh7 53.
Be3 Bb6 54. Nc8 Nxa6 55. Nxb6 axb6 56. d5 b5 57. d6 Nb8 58. Bd2 Nd7 59. g5 Kg8
60. Kg4 Kf8 61. Kf4 Ke8 62. Ke4 Nb6 63. Bb4 Kd7 64. Bc5 Nc4 65. h5 1-0

[Event "26th WSCC 2016 Open 65+"]
[Site "Marianske Lazne, Czech Republic - Hotel Cristal and Continental"]
[Date "2016.11.22"]
[Round "4.78"]
[White "Bakalar, Jan"]
[Black "Svec, Ludek"]
[Result "1/2-1/2"]
[WhiteElo "2033"]
[BlackElo "1702"]
[PlyCount "25"]
[EventDate "2016.11.19"]

1. d4 Nf6 2. e3 e6 3. Bd3 c5 4. c3 Nc6 5. f4 b6 6. Nf3 Be7 7. O-O O-O 8. Nbd2
Bb7 9. Qe2 Qc7 10. g3 d6 11. b3 cxd4 12. exd4 e5 13. Ne4 $11 1/2-1/2

[Event "26th WSCC 2016 Open 65+"]
[Site "Marianske Lazne, Czech Republic - Hotel Cristal and Continental"]
[Date "2016.11.22"]
[Round "4.79"]
[White "Sevenyuk, Alexey"]
[Black "Toefferl, Heimo"]
[Result "1-0"]
[WhiteElo "1877"]
[BlackElo "2033"]
[PlyCount "135"]
[EventDate "2016.11.19"]

1. e4 e6 2. d4 d5 3. Nc3 Bb4 4. e5 b6 5. a3 Bf8 6. Nf3 Qd7 7. Be3 Ne7 8. Bd3
Nf5 9. O-O Ba6 10. Bxa6 Nxa6 11. Qd3 Nb8 12. Ne2 c5 13. c4 dxc4 14. Qxc4 Nc6
15. dxc5 Nxe3 16. fxe3 Bxc5 17. Ned4 Rc8 18. Rac1 O-O 19. b4 Bxd4 20. exd4 Ne7
21. Qd3 Rxc1 22. Rxc1 Rc8 23. Qd1 Nf5 24. h3 Rxc1 25. Qxc1 Nxd4 26. Qd1 Nxf3+
27. Qxf3 h6 28. Qa8+ Kh7 29. Qe4+ g6 30. Qf3 Kg8 31. Qe3 Kg7 32. Qf4 Qd3 33. a4
Qf5 34. Qd4 g5 35. b5 Qf4 36. Qa1 f6 37. exf6+ Qxf6 38. Qd1 Qe7 39. Qd4+ Kf7
40. Qd3 Kg7 41. Qc3+ e5 42. Kf2 Qd6 43. Ke3 Kf7 44. Ke4 Qg6+ 45. Kd5 Qe6+ 46.
Ke4 Kf6 47. Qf3+ Ke7 48. Qc3 Qg6+ 49. Kd5 Qd6+ 50. Ke4 Qg6+ 51. Kd5 Qf7+ 52.
Ke4 Qf4+ 53. Kd5 Kf6 54. Qc6+ Kg7 55. Qd7+ Kf8 56. Qd6+ Kf7 57. Qe6+ Kf8 58.
Qxh6+ Kg8 59. Qe6+ Kh7 60. Qe7+ Kg6 61. Qe8+ Kh7 62. Qxe5 Qxa4 63. Qe4+ Qxe4+
64. Kxe4 Kg6 65. Ke5 g4 66. h4 Kf7 67. Kf4 Ke6 68. h5 1-0

[Event "26th WSCC 2016 Open 65+"]
[Site "Marianske Lazne, Czech Republic - Hotel Cristal and Continental"]
[Date "2016.11.22"]
[Round "4.80"]
[White "Hastik, Svatopluk"]
[Black "Birkestrand, Odd"]
[Result "1-0"]
[WhiteElo "2023"]
[BlackElo "1703"]
[PlyCount "63"]
[EventDate "2016.11.19"]

{Waiting for moves from server...} 1. d4 Nf6 2. c4 c5 3. dxc5 Qa5+ 4. Nc3 Qxc5
5. e4 a6 6. Nf3 d6 7. h3 g6 8. Qc2 Bg7 9. Be3 Qc7 10. Rc1 Nbd7 11. Be2 b6 12.
O-O Bb7 13. Qb1 Nc5 14. Nd5 Nxd5 15. cxd5 Qd8 16. b4 Nd7 17. Nd4 Bxd4 18. Bxd4
O-O 19. Ba1 Rc8 20. Qb2 f6 21. Bg4 Rxc1 22. Be6+ Kg7 23. Rxc1 Ne5 24. Qc3 Qb8
25. f4 Nf7 26. Qc7 Re8 27. g4 Qxc7 28. Rxc7 Nd8 29. Bd7 Rf8 30. g5 Kf7 31. gxf6
exf6 32. Bc6+ 1-0

[Event "26th WSCC 2016 Open 65+"]
[Site "Marianske Lazne, Czech Republic - Hotel Cristal and Continental"]
[Date "2016.11.22"]
[Round "4.82"]
[White "Racek, Jiri"]
[Black "Gudashvili, Gavazi"]
[Result "1-0"]
[WhiteElo "2018"]
[BlackElo "1617"]
[PlyCount "51"]
[EventDate "2016.11.19"]

1. d4 d5 2. Nf3 Nf6 3. c4 e6 4. Bg5 Be7 5. e3 h6 6. Bh4 b6 7. Nc3 Bb7 8. Rc1
O-O 9. Bd3 Nbd7 10. O-O c5 11. Ne5 cxd4 12. exd4 Rc8 13. cxd5 exd5 14. Bf5 Rc7
15. Bg3 Rc8 16. Qa4 Rxc3 17. Rxc3 Nxe5 18. Bxe5 a6 19. Bc7 Qe8 20. Qxe8 Nxe8
21. Bxb6 Nd6 22. Bd3 Bf6 23. Bc5 Rd8 24. Re1 Ne4 25. Rb3 Rd7 26. f3 1-0

[Event "26th WSCC 2016 Open 65+"]
[Site "Marianske Lazne, Czech Republic - Hotel Cristal and Continental"]
[Date "2016.11.22"]
[Round "4.83"]
[White "Halla, Jiri"]
[Black "Harding, Tim D"]
[Result "1/2-1/2"]
[WhiteElo "1770"]
[BlackElo "2015"]
[PlyCount "42"]
[EventDate "2016.11.19"]

1. e4 c6 2. d4 d5 3. exd5 cxd5 4. Bd3 Nc6 5. c3 Qc7 6. Nf3 g6 7. O-O Bg7 8. Re1
Bg4 9. Nbd2 Nh6 10. h3 Bf5 11. Nf1 Bxd3 12. Qxd3 Nf5 13. Ne3 Nxe3 14. Bxe3 O-O
15. Qd2 Rfe8 16. Bf4 Qd7 17. Ne5 Nxe5 18. Bxe5 f6 19. Bg3 Rac8 20. Rad1 Rc6 21.
Re2 Kf7 1/2-1/2

[Event "26th WSCC 2016 Open 65+"]
[Site "Marianske Lazne, Czech Republic - Hotel Cristal and Continental"]
[Date "2016.11.22"]
[Round "4.85"]
[White "Horyna, Josef"]
[Black "Vrabec, Milos"]
[Result "0-1"]
[WhiteElo "1746"]
[BlackElo "2138"]
[PlyCount "54"]
[EventDate "2016.11.19"]

1. d4 d6 2. e4 Nf6 3. Nc3 g6 4. Be2 Bg7 5. Be3 c6 6. e5 dxe5 7. dxe5 Qxd1+ 8.
Nxd1 Ng4 9. Bxg4 Bxg4 10. f4 Na6 11. c3 Nc7 12. Nf2 Be6 13. Nf3 Bd5 14. Ke2 f6
15. Nd3 b6 16. Rhd1 c5 17. exf6 exf6 18. Kf2 O-O-O 19. Nde1 Rd7 20. Rac1 Rhd8
21. c4 Be4 22. Rxd7 Rxd7 23. Nd2 Bc6 24. b3 Ne6 25. Ndf3 f5 26. Ne5 Bxe5 27.
fxe5 f4 0-1

[Event "26th WSCC 2016 Open 65+"]
[Site "Marianske Lazne, Czech Republic - Hotel Cristal and Continental"]
[Date "2016.11.22"]
[Round "4.86"]
[White "Borensztajn, David"]
[Black "Novak, Jaromir"]
[Result "1/2-1/2"]
[WhiteElo "2211"]
[BlackElo "1843"]
[PlyCount "44"]
[EventDate "2016.11.19"]

1. d4 Nf6 2. Bf4 g6 3. Nf3 Bg7 4. e3 O-O 5. h3 d5 6. Nbd2 b6 7. Be2 Bb7 8. Ne5
Nbd7 9. O-O Nxe5 10. Bxe5 Nd7 11. Bxg7 Kxg7 12. f4 Nf6 13. Qe1 e6 14. Nf3 Ne4
15. Bd3 f6 16. g4 h6 17. Kh2 Rh8 18. f5 exf5 19. gxf5 g5 20. Bxe4 dxe4 21. Nd2
c5 22. c3 Rc8 1/2-1/2